• 首页
  • 本馆介绍
  • 公告通知
  • 最新文献
  • 馆藏检索
  • 电子资源
  • 读者导购
  • 参考咨询
  • 我的图书馆
  • 登录
  • 详细信息显示
  • 放入我的书架
  • 预约/预借图书
  • 作者相关作品
  • 分类相关作品
  • 丛书相关作品
  • 出版社相关作品

书目信息

  • 表格格式
  • 工作单格式
  • 卡片格式
题名:
2018全国两会记者会实录
    
 
作者: ;新华社 编
分册:  
出版信息: 北京   人民出版社  2018
页数: 366页
开本: 24cm
丛书名:
单 册:
中图分类: D622 , D627
科图分类:
主题词: 新闻报道--xin wen bao dao--中国--当代--选集
电子资源:
ISBN: 978-7-01-019098-3
000 01301nam0 2200289 45
001 012001007484
005 20140101160139.0
010    @a978-7-01-019098-3@dCNY62.00
099    @aCAL 012018067474
100    @a20180606d2018 em y0chiy50 ea
101 0  @achi
102    @aCN@b110000
105    @aa z 000yy
106    @ar
200 1  @a2018全国两会记者会实录@A2018 quan guo liang hui ji zhe hui shi lu@f新华社中央新闻采访中心编
210    @a北京@c人民出版社@d2018
215    @a366页@c图 (部分彩图)@d24cm
330    @a本书收录的十三届全国人大一次会议和全国政协十三届一次会议召开期间,国务院总理李克强、国家发展和改革委主任、财政部部长等国务院机构负责人,全国政协领导人和全国政协委员等,在记者招待会上的发言与答问,反映了当下中国有代表性的重大议题。
517 1  @a全国两会记者会实录@Aquan guo liang hui ji zhe hui shi lu
601 12 @a全国人民代表大会@Aquan guo ren min dai biao da hui@x文件@z2018@j学习参考资料
601 12 @a中国人民政治协商会议@Azhong guo ren min zheng zhi xie shang hui yi@x文件@z2018@j学习参考资料
606 0  @a新闻报道@Axin wen bao dao@y中国@z当代@j选集
690    @aD622@v5
690    @aD627@v5
711 02 @a新华社@Axin hua she@b中央新闻采访中心@Bzhong yang xin wen cai fang zhong xin@4编
801  2 @aCN@b上海新华@c20191020
905    @b1133564-7@dD622@e110@f4
    
    2018全国两会记者会实录/新华社中央新闻采访中心编.-北京:人民出版社,2018
    366页:图 (部分彩图);24cm
    
    
    ISBN 978-7-01-019098-3:CNY62.00
    本书收录的十三届全国人大一次会议和全国政协十三届一次会议召开期间,国务院总理李克强、国家发展和改革委主任、财政部部长等国务院机构负责人,全国政协领导人和全国政协委员等,在记者招待会上的发言与答问,反映了当下中国有代表性的重大议题。
●
相关链接 在E读中查询图书 在五车中查询图书 在当当中查询图书 在豆瓣中查询图书


正题名:2018全国两会记者会实录     索取号:D622/110         预约/预借

序号 登录号 条形码 馆藏地/架位号 状态 备注
1 1133564   211335642   第一样本阅览室/ [索取号:D622/110] 在馆    
2 1133565   211335651   第一借阅区/ [索取号:D622/110] 在馆    
3 1133566   211335660   第一借阅区/ [索取号:D622/110] 在馆    
4 1133567   211335679   第一借阅区/ [索取号:D622/110] 在馆    
唐山师范学院图书馆 欢迎您!
大连网信软件有限公司© 版权所有